Responses for Show #3612 - Tuesday, April 25, 2000

Contestants

[<< previous game]

Suzanne Kling, a former English teacher from New Orleans, Louisiana

Chris Sanders, an investment broker from Phoenix, Arizona

Greg Dwyer, a software developer from Houston, Texas (whose 1-day cash winnings total $7,300)

[next game >>]

Jeopardy! Round responses

THE BARBARY WARS
POPULAR MUSIC
PUT 'EM IN ORDER
(Alex: Chronological order.)
RANKS & TITLES
SPORTS RHYME TIME
(Alex: A whole category on...)
STRING
    $100 16
Mediterranean Sea

Greg
    $100 6
Janis Joplin

Greg
    $100 18
The Honeymooners, Leave it to Beaver, Taxi

Suzanne
    $100 8
Captain

Greg
    $100 1
Joe's nose

Greg
    $100 26
(G: What is 4?)

1

GregChris
    $200 17
American flag/flagpole

Chris
    $200 7
"Thriller"

Chris
    $200 19
(G: What is the Charleston, the Hustle, & the Funky Chicken?)

Charleston, Funky Chicken, Hustle

GregSuzanne
    $200 10
The emperor

Suzanne
    $200 2
Bar star

Greg
    $200 27
Tin cans

Greg
    $300 23
Marine Corps

Chris
    $300 9
James Brown

Chris
    $300 20
(C: Who are Rubens, Rauschenberg & Rossetti?)

Rubens, Rosetti, Rauschenberg

ChrisSuzanne
    $300 13
General

Chris
    $300 3
Holy goalie

Greg
    $300 28
Marionette

Suzanne
    $400 24
(minute to go...)

Ottoman Empire

Greg
    $400 11
Stevie Wonder

Greg
    $400 21
Mayflower, Bonhomme Richard, Beagle

Greg
    $400 14
Archduke

Greg
    $400 4
Jog log

Greg
    $400 29
Kite

Chris
    $500 25
Stephen Decatur

Greg
    $500 12
(Chris: Who is Nelson?)
(Alex: Which one?)
[The time expiry signal sounds.]
(Chris: ...Ricky?)

Ricky Nelson

GregChris
    $500 22
(G: What are "Ivanhoe, "Little Women" & "Uncle Tom's Cabin"?)

"Ivanhoe", "Uncle Tom's Cabin", "Little Women"

Greg
    $500 15
(Chris: What is [*]?)
...
(Alex: [At first break] We were a little lax in our phrasing, so we're going to accept your response.)

Infanta (*princesa)

Chris
    $500 5
Horse course

Greg
    $500 30
Gulliver

Suzanne

Scores at the first commercial break (after clue 16):

Greg Chris Suzanne
$3,100 $800 $200

Scores at the end of the Jeopardy! Round:

Greg Chris Suzanne
$3,800 $1,500 $1,600

Double Jeopardy! Round responses

A "HOUSE" OF LITERATURE
WOMEN'S FIRSTS
CHEMISTRY
ACTORS & THEIR ROLES
WORLD CITIES
SCRAMBLED POPES
    $200 7
"The House that Jack Built"

Triple Stumper
    $200 2
Avon

Greg
    $200 14
acids

Chris
    $200 12
Flipper

Suzanne
    $200 1
Tijuana

Greg
    $200 26
Leo

Suzanne
    $400 8
The House of the Seven Gables

Greg
    $400 3
Surgeon General

Greg
    $400 15
a laser

Chris
    $400 13
Bruce Lee

Chris
    $400 19
Jerusalem

Chris
    $600 9
The House at Pooh Corner

Greg
    $600 4
(Chris: What is Best Actor?)
(Suzanne: What is Direction?)

Best Supporting Actress

ChrisSuzanne
Triple Stumper
    $600 16
equilibrium

Chris
    $600 25
Valley of the Dolls

Greg
    $600 20
Ho Chi Minh City

Chris
    $800 10
Bleak House

Suzanne
    $800 5
(Alex: Suzanne, you'd better get that one!)

Louisiana

Suzanne
    $1,000 17
(Chris: What is oxidize?)

dehydrate

Chris
    $800 24
Danny DeVito

Suzanne
    $2,500 21
(Chris: What is Monrovia?)
[NOTE: This was the 110,000th clue entered into the J! Archive, 2007-09-28.]

Addis Ababa

Chris
    $800 27
Clement

Suzanne
    $1000 11
Heartbreak House

Triple Stumper
    $1000 6
(Suzanne: Who was Eleanor Roosevelt?)

Frances Perkins

GregSuzanne
    $1000 18
osmosis

Chris
    $1000 23
Haing S. Ngor

Triple Stumper
    $1000 22
(Greg: What is Victoria?)
...
(Alex: ...we have less than a minute to go...)

Adelaide

Greg
Triple Stumper
    $1000 28
[The end-of-round signal sounds.]

Boniface

Suzanne

Scores at the end of the Double Jeopardy! Round:

Greg Chris Suzanne
$6,200 $1,000 $4,600

[wagering suggestions for these scores]

Final Jeopardy! Round responses

20th CENTURY HEROES
ChrisWhat is the French Resista
$950
SuzanneWhat is ?
$4,599
GregWhat is Quebec separation?
$3,100
French Resistance (Maquis)

Final scores:

Greg Chris Suzanne
$3,100 $50 $1
2-day champion: $10,400 2nd place: Trip to Grand Lido Braco Resort, Jamaica 3rd place: Lobster Gram Gift Certificate

Game dynamics:

Coryat scores:

Greg Chris Suzanne
$6,700 $4,500 $4,600
22 R,
4 W
(including 1 DD)
15 R,
5 W
(including 2 DDs)
13 R,
2 W

Combined Coryat: $15,800

[game clues] [game scores] [suggest correction]

Game tape date: Unknown
The J! Archive is created by fans, for fans. Scraping, republication, monetization, and malicious use prohibited; this site may use cookies and collect identifying information. See terms. The Jeopardy! game show and all elements thereof, including but not limited to copyright and trademark thereto, are the property of Jeopardy Productions, Inc. and are protected under law. This website is not affiliated with, sponsored by, or operated by Jeopardy Productions, Inc. Join the discussion at JBoard.tv.